Hospitales de Andalucía. - Estadísticas

Estadísticas generales
  • Esta prueba ha sido intentada 164 veces
  • La puntuación promedio es 8 de 54
Estadísticas de respuestas
Provincia Hospital % Correcto
Sevilla ciudad Virgen del Rocío, Universitario
81%
Sevilla ciudad Virgen de la Macarena, Universitario
55%
Córdoba ciudad Reina Sofía
42%
Sevilla ciudad Virgen de Valme
36%
Granada ciudad Virgen de las Nieves
29%
Cádiz ciudad Puerta del Mar
28%
Huelva ciudad Juan Ramón Jiménez
26%
Cádiz Jerez
25%
Almería ciudad Torrecárdenas
25%
Málaga Costa del Sol (Marbella)
24%
Málaga Virgen de la Victoria (Málaga, Torremolinos y Cártama)
22%
Jaén San Agustín (Linares)
21%
Jaén ciudad Complejo Hospitalario de Jaén
20%
Granada ciudad San Cecilio
20%
Sevilla San Juan de Dios (Bormujos)
20%
Granada Santa Ana (Motril)
20%
Jaén Alto Guadalquivir de Andújar
19%
Jaén San Juan de la Cruz (Úbeda)
18%
Huelva ciudad Infanta Elena
16%
Sevilla La Merced (Osuna)
16%
Almería Poniente - El Ejido
16%
Cádiz La Línea de la Concepción
15%
Granada Baza
14%
Cádiz Puerto Real
14%
Málaga Antequera
13%
Córdoba Infanta Margarita (Cabra)
13%
Huelva de la costa occidental de Huelva (Lepe)
12%
Huelva de la Sierra (Aracena)
12%
Granada Guadix
12%
Málaga La Axarquía (Vélez Málaga)
12%
Málaga Serranía de Ronda (Ronda)
11%
Sevilla Écija
10%
Almería La Inmaculada (Huércal Overa)
10%
Málaga Estepona
9%
Córdoba Puente Genil
9%
Córdoba Montilla
8%
Sevilla Utrera
8%
Granada Loja
7%
Jaén Alcalá la Real
6%
Huelva de Riotinto (Minas de Riotinto)
6%
Sevilla Morón de la Frontera
6%
Córdoba Valle de los Pedroches (Pozoblanco)
6%
Almería ciudad El Toyo
5%
Cádiz Punta Europa (Algeciras)
5%
Málaga ciudad Regional de Málaga
5%
Málaga Benalmádena
4%
Cádiz La Janda (Vejer de la Frontera)
4%
Sevilla Lebrija
4%
Córdoba Palma del Río
4%
Sevilla Sierra Norte de Sevilla (Constantina)
4%
Córdoba Valle del Guadiato (Peñarroya -Pueblonuevo)
4%
Jaén Alcaudete
3%
Huelva del condado (Bollullos Par del Condado)
2%
Jaén Sierra de Segura (Puente de Génave)
2%
No se encontraron pruebas coincidentes
Distribución de puntuación
Porcentaje de gente con cada puntuación
Porcentaje por número respondido
Historial de tus puntuaciones
No has intentado esta prueba.